000 00543nam a2200181Ia 4500
008 100920s9999 xx 000 0 und d
082 _b572
_a891.463.1 थ 63
100 _aपानवलकर श्री.दा.
245 _aऔदुंबर.
260 _bमौज प्रकाशन-गृह,मुंबई.4.
_c1963
300 _a206
_bसाधी
365 _b6
520 _aलघुकथा.
630 _aऔदुंबर.
650 _aलघुकथा.
730 _aऔदुंबर.
942 _cBOOK
999 _c671531
_d671528